[Event "Steinfurt Bezirksliga 0304"]
[Site "Germany"]
[Date "2004.02.21"]
[Round "5.8"]
[White "Kroeger, Alfons"]
[Black "Boeckmann, Dirk"]
[Result "1/2-1/2"]
[WhiteElo "1547"]
[BlackElo "1407"]
[PlyCount "36"]
[EventDate "2003.10.18"]
[EventType "team-tourn"]
[EventRounds "9"]
[EventCountry "GER"]
[SourceTitle "EXT 2005"]
[Source "ChessBase"]
[SourceDate "2004.11.15"]
[SourceVersion "1"]
[SourceVersionDate "2004.11.15"]
[SourceQuality "1"]
[WhiteTeam "Rheine SG"]
[BlackTeam "Reckenfeld"]
[WhiteTeamCountry "GER"]
[BlackTeamCountry "GER"]

1. c4 e5 2. Nc3 Nf6 3. g3 g6 4. Nf3 d6 5. Bg2 Bg7 6. 0-0 0-0 7. d4 exd4 8. Nxd4 Nbd7 9. Bg5 Nc5 10. Nd5 Ne6 11. Nxf6+ Bxf6 12. Bxf6 Qxf6 13. Nxe6 Qxe6 14. Qc2 Rb8 15. Rac1 b6 16. Qe4 Qxe4 17. Bxe4 Bb7 18. Bxb7 Rxb7 1/2-1/2

[Event "Steinfurt Bezirksliga 0304"]
[Site "Germany"]
[Date "2003.12.20"]
[Round "3.6"]
[White "Kroeger, Alfons"]
[Black "Schneider, Richard2222"]
[Result "1/2-1/2"]
[WhiteElo "1547"]
[BlackElo "1559"]
[PlyCount "79"]
[EventDate "2003.10.18"]
[EventType "team-tourn"]
[EventRounds "9"]
[EventCountry "GER"]
[SourceTitle "EXT 2005"]
[Source "ChessBase"]
[SourceDate "2004.11.15"]
[SourceVersion "1"]
[SourceVersionDate "2004.11.15"]
[SourceQuality "1"]
[WhiteTeam "Rheine SG"]
[BlackTeam "Emsdetten Rochade III"]
[WhiteTeamCountry "GER"]
[BlackTeamCountry "GER"]

1. c4 e5 2. Nc3 Nf6 3. g3 Be7 4. Bg2 0-0 5. Nf3 d6 6. 0-0 Nc6 7. a3 Be6 8. d3 Qc8 9. Ng5 Bd7 10. Qc2 Nd4 11. Qd1 h6 12. Nge4 Nxe4 13. Nxe4 Bh3 14. e3 Bxg2 15. Kxg2 Ne6 16. f4 exf4 17. exf4 Nd4 18. Be3 Nf5 19. Bf2 b6 20. Qf3 Bd8 21. Rfe1 Ne7 22. Re2 Ng6 23. Rae1 Rb8 24. Nc3 Qd7 25. b4 c5 26. b5 Qf5 27. Qd5 Qg4 28. Kh1 Qd7 29. Qf3 Qh3 30. Qc6 Rc8 31. Qg2 Qf5 32. Qe4 Qh3 33. Nd5 Qd7 34. Qf3 Qh3 35. Qg2 Qg4 36. Nc3 Qd7 37. Nd5 Qf5 38. Qe4 Qh3 39. Qg2 Qg4 40. Ne3 1/2-1/2